004190000a22001330004500020001500000060000800015082001500023100004100038245009700079260002300176260000900199300000800208650006900216 a0849363012 a100 a635.25 RAB aRabinowitch Haim D, Brewster James L aOnions and Allied Crops Vol 2 : Agronomy, Biotic Interactions, Pathology and Crop Protection aFlorida, CRC Press c1990 a320 aOnion Cultivation, Onion Storage, Onion pestes, Onion Harvesting